000 005190000a22001810004500
003 MACL
005 20151213155245.0
008 151213b xxu||||| |||| 00| 0 eng d
040 _aMACL
_cMACL
041 _aHindi
082 _a741.642
100 _aटॉलस्‍टॉय
_920065
245 _aटॉलस्‍टाय की कहानियां
260 _bगौरव प्रकाशन
_c2004
350 _a150
650 _aचिल्‍डन बुक
_9314
942 _cHIN
_k741.642
_2ddc
999 _c10462
_d10462